Регионална библиотека "Любен Каравелов" - Русе

Екстремни ситуации в туристическата дейност (Запис номер 201671)

MARC детайли
000 -Лидер
Контролно поле с фиксирана дължина 01243nam a2200289 c 4500
003 - Код на организацията, давaща контролен номер
Контролно поле BLK
005 - Дата и час на последна редакция
Контролно поле 20250609114830.0
008 - Елементи от данни с фиксирана дължина
fixed length control field 180411b bul|||||r ||||||| ||bul||
010 ## - Наследен системен номер
LC control number KNG00211116000
040 ## - Източник на каталожния запис
Идентификатор на билиотеката - собственик на записа BLK
041 ## - Код за език
Код за езика на текст/звукозапис или на отделно заглавие Български
Код за езика КДБФ Български
080 ## - УДК
Текстов определител УДК Пешеходен туризъм. Туристически походи
УДК код - определител по УДК 796.51
УДК определител
УДК - код + определител 796.51
100 ## - Редна дума - Автор
Автор Маринов, Борис Лазаров
Дати, свързани с автора 1932 -
Автор - информация (биография) Туризъм, алпинизъм и ориентиране.
R(LIN) 404630
139 ## - Редно поле
Редна дума Маринов, Борис Лазаров и др.
Авторски знак Мари - М 31
245 10 - Сведения за заглавието
Заглавие Екстремни ситуации в туристическата дейност
Подзаглавни данни Научнопопул. очерк
Редно поле (дума) Борис Лазаров Маринов; съавт. Димитър Танев Кайков.
257 ## - Страна на издаване
Страна на създаване/издаване България
260 ## - Област на издателските данни
-- София
Име на издателя, разпространителя и проч. Медицина и физкултура
Година на издаване 1989
300 ## - Физическа характеристика
Страници 79 с.
Размери/Мащаб 20 см
380 ## - Жанр
Жанр 793/799 Спорт
700 1# - Други автори (авторска отговорност)
Лично име Кайков, Димитър Танев
Автороска отговорност (Описва отношението между автора и произведението) съавт.
9 (RLIN) 369148
852 ## - Местоположение
Форматна сигнатура Цб 158352
856 4# - Електронен адрес и достъп
Електронен формат pdf - файл
Път до файла /url/
856 4# - Електронен адрес и достъп
Електронен формат pdf - файл
Път до файла /url/
942 ## - АРТИКУЛИ
Вид на библиотечния материал Книги
Скрит в OPAC Не
944 ## - СЪЗДАВАНЕ И РЕДАКЦИЯ на ЗАПИСА
Създаване/Редакция Създаване
Дата на регистрацията/редакция 10.08.2017
Служител, извършил регистрацията/редакцията 30560
Статус, дата на статуса Геновева Генчева
944 ## - СЪЗДАВАНЕ И РЕДАКЦИЯ на ЗАПИСА
Създаване/Редакция Редакция
Дата на регистрацията/редакция 10.08.2017
Служител, извършил регистрацията/редакцията Наталия_Любомирова
999 ## - СИСТЕМНИ КОНТРОЛНИ НОМЕРА
Koha biblionumber 201671
Koha biblioitemnumber 201671
Наличности
Код за отписване Код за изгубен артикул Източник на класификационната схема Код за повреда Коз за рестрикции Код за отдаване Артикулен № Име на библиотеката - собственик Име на библиотеката, в която се намира в момента Статус (Текущо местоположение) Дата на вписване в системата Местоположение - отдел Цена в лева Инвентарен номер Систематично азбучна сигнатура Баркод Номер на екземпляра Цена в евро Служебна бележка Служебен тип на артикула
  Не е изгубен Universal Decimal Classification Не е повреден без рестрикции ползва се в читалня 349083 Регионална библиотека "Любен Каравелов" Русе Регионална библиотека "Любен Каравелов" Русе Хранилище 1989-01-01 Хранилище 0.56 518962 Цб 158352 120000518962 1 0.29 N: стар фонд Дата: 01.01.1989 Книги
Изтеглен Не е изгубен Universal Decimal Classification Не е повреден без рестрикции заемане за дома 349084 Регионална библиотека "Любен Каравелов" Русе Регионална библиотека "Любен Каравелов" Русе Заемна - подръчен фонд 1989-01-01 Заемна - подръчен фонд 0.56 521105 П 796.5/М 31 521105 2 0.29 N: стар фонд Дата: 01.01.1989 Книги
Изтеглен Не е изгубен   Не е повреден без рестрикции заемане за дома 349085 Регионална библиотека "Любен Каравелов" Русе Регионална библиотека "Любен Каравелов" Русе Заемна - подръчен фонд 1989-01-01 Заемна - подръчен фонд 0.56 521106 П 796.5/М 31 521106 3 0.29 N: стар фонд Дата: 01.01.1989 Дата инв: 21.03.2018 Бележки инв: П2018 Книги
Vip Innovations Ltd, Rousse, Bulgaria 2025